Cognitive grammar : a basic introduction
This introductory text draws together and refines the descriptive and theoretical aspects of cognitive grammar. In a unified manner, it accomodates both the conceptual and the social-interactive basis of linguistic structure, as well as the need for both functional explanation and explicit structura...
সংরক্ষণ করুন:
| প্রধান লেখক: | |
|---|---|
| বিন্যাস: | গ্রন্থ |
| ভাষা: | Undetermined |
| প্রকাশিত: |
Oxford
Oxford University Press
2008
|
| বিষয়গুলি: | |
| ট্যাগগুলো: |
ট্যাগ যুক্ত করুন
কোনো ট্যাগ নেই, প্রথমজন হিসাবে ট্যাগ করুন!
|
| Thư viện lưu trữ: | Trung tâm Học liệu Trường Đại học Cần Thơ |
|---|
| LEADER | 00903nam a2200217Ia 4500 | ||
|---|---|---|---|
| 001 | CTU_196087 | ||
| 008 | 210402s9999 xx 000 0 und d | ||
| 020 | |c 1324000 | ||
| 082 | |a 415 | ||
| 082 | |b L269 | ||
| 100 | |a Langacker, Ronald W | ||
| 245 | 0 | |a Cognitive grammar : | |
| 245 | 2 | |b a basic introduction | |
| 245 | 0 | |c Ronald W. Langacker. | |
| 260 | |a Oxford | ||
| 260 | |b Oxford University Press | ||
| 260 | |c 2008 | ||
| 520 | |a This introductory text draws together and refines the descriptive and theoretical aspects of cognitive grammar. In a unified manner, it accomodates both the conceptual and the social-interactive basis of linguistic structure, as well as the need for both functional explanation and explicit structural description. | ||
| 650 | |a Cognitive grammar,Ngữ pháp nhận thức | ||
| 904 | |i Bằng | ||
| 980 | |a Trung tâm Học liệu Trường Đại học Cần Thơ | ||